Score 0/18 Timer 03:00
1 Play Today
Clue 5-Letter Word % Correct
____ gold, nickname of pyriteFOOL'S
92.4%
College completersGRADS
90.2%
Sun, moon, or shoe follower?SHINE
89.4%
“What's Eating Gilbert ____”, 1993 film starring Johnny Depp▣ GRAPE ▣
89.1%
Baby horsesFOALS
88.8%
Merino, angora and cashmereWOOLS
88.2%
'The long and ____ of it'SHORT
87.2%
Assess in qualityGRADE
87.2%
“Who's Afraid of Virginia ____?”, 1966 film starring Elizabeth Taylor▣ WOOLF ▣
86.8%
Clue 5-Letter Word % Correct
Items on a bucket listGOALS
86.7%
Prods into actionGOADS
84.2%
'To ____ own self be true'THINE
82.9%
Homeland of Frodo, Bilbo and co.SHIRE
81.8%
Complain or whineGRIPE
80.3%
“They ____ Horses, Don't They?”, 1969 film drama directed by Sidney Pollack▣ SHOOT ▣
76.6%
Support and solidifySHORE
75.1%
Edible offalTRIPE
65.5%
PC puzzle gameTRINE
61.2%

Today's Daily Dose

Remove Ads.
Support Sporcle.
Get the best of Sporcle when you Go Orange. This ad-free experience offers more features, more stats, and more fun while also helping to support Sporcle. Thank you for becoming a member.

You're not logged in!

Compare scores with friends on all Sporcle quizzes.
OR
Log In

Show Comments

Extras

Top Quizzes Today


Score Distribution

Your Account Isn't Verified!

In order to create a playlist on Sporcle, you need to verify the email address you used during registration. Go to your Sporcle Settings to finish the process.

Report this User

Report this user for behavior that violates our Community Guidelines.

Details: